LEADER 00819nam a2200229 i 4500 001 000000066484 003 CaOOAMICUS 005 20120806000000.0 008 120806s1998 it u000 u ita u 013 $a37656 040 $aSeMil$bita 245 10$aGuida di Lecco. 250 $aRist. anast. 260 $aLecco :$bGuido Stefanoni,$cstampa 1998. 300 $a320 p. :$bill. ;$c17 cm. 500 $aRipr. facs. dell'ed.: [Lecco] : edito a cura de la "Rivista di Lecco", 1927. 650 4$aLecco.$0(OLS)http://semarc/subject/7870 850 $aSeMil 852 $aSeMil$W1$xVenegono$y1$m3P I 247$j32637$B32637$CSeMilBibl$Z2$F32640 $81 961 $aOmaggio: Casa editrice 996 $6245$aGuida di Lecco$9(OLS)http://semarc/title/105719 996 $6260$aLecco :$bGuido Stefanoni$9(OLS)http://semarc/publisher/42682 LEADER 00838nam a2200205 i 4500 001 000000198094 003 CaOOAMICUS 005 20110224000000.0 008 110224s1905 it u000 u ita u 013 $a176782 040 $aSeMil$bita 100 1 $aLupano, Costantino.$0(OLS)http://semarc/name/71686 245 13$aLa questione sociale :$bconferenze popolari /$cCostantino Lupano. 260 $aMoncalvo :$bTip. e libreria G. Sacerdote,$c1905. 300 $a223 p. ;$c24 cm. 650 4$aQuestione sociale.$0(OLS)http://semarc/subject/3045 850 $aSeMil 852 $aSeMil$W1$xVenegono$y1$m3L III 110$j148650$B148650$CSeMilBibl$Z2$F160039 $81 996 $6245$aLa questione sociale :$bconferenze popolari$9(OLS)http://semarc/title/286150 996 $6260$aMoncalvo :$bTip. e libreria G. Sacerdote$9(OLS)http://semarc/publisher/51115